[Event "Frankfurt Ch 2009"]
[Site "Ffm-Kalbach, LAZ"]
[Date "2009.05.11"]
[Round "3.28"]
[White "Kabir, Razaul"]
[Black "Khalimov, Khayot"]
[Result "1-0"]
[WhiteElo "2100"]
[BlackElo "1758"]
[PlyCount "89"]
[EventDate "2009.??.??"]
[WhiteTeam "Sfr. Frankfurt 1921"]
[BlackTeam "SVG Eppstein 1932"]

1. e4 d6 2. d4 Nf6 3. Bd3 g6 4. Bg5 Nc6 5. Ne2 Nb4 6. Nbc3 Nxd3+ 7. Qxd3 Bg7 8.
O-O-O b6 9. Kb1 Bb7 10. Qe3 Qd7 11. e5 Ng4 12. Qg3 h6 13. Bf4 g5 14. Bc1 dxe5
15. f3 Nxh2 16. dxe5 Qf5 17. Rxh2 Bxe5 18. f4 Bd6 19. Rdh1 O-O-O 20. Rxh6 gxf4
21. Bxf4 Rhg8 22. Qe3 Bc5 23. Qc1 Bxg2 24. Rd1 e5 25. Rxd8+ Rxd8 26. Be3 Bf8
27. Rh2 Bb7 28. Qg1 Be7 29. Rf2 Qe6 30. Qf1 Rf8 31. Rf5 f6 32. Ng3 Rg8 33. Nge4
Rg6 34. Qh3 Kb8 35. Qh5 Rh6 36. Bxh6 Bc8 37. Rf1 f5 38. Ng5 Qc4 39. Rd1 Bb4 40.
Qf7 Qg4 41. Ne6 Bd6 42. Rxd6 Bxe6 43. Rd8+ Bc8 44. Qd7 Qg1+ 45. Bc1 1-0

[Event "Frankfurt Ch 2009"]
[Site "Ffm-Kalbach, LAZ"]
[Date "2009.05.11"]
[Round "3.29"]
[White "Benikhis, Avram"]
[Black "Schneider, Uwe"]
[Result "1-0"]
[WhiteElo "1762"]
[BlackElo "2010"]
[PlyCount "74"]
[EventDate "2009.??.??"]
[WhiteTeam "SC Eschbach i. USI-Land"]
[BlackTeam "SV Kinzigtal"]

1. e4 d5 2. exd5 Nf6 3. d4 Bg4 4. Be2 Bxe2 5. Nxe2 Qxd5 6. O-O Nc6 7. Nbc3 Qh5
8. Nf4 Qxd1 9. Rxd1 O-O-O 10. Be3 Nb4 11. Rdc1 e6 12. a3 Nc6 13. Rd1 Ng4 14. h3
Nxe3 15. fxe3 Bd6 16. Nd3 Rhe8 17. Ne4 Bf8 18. c4 h6 19. b4 f5 20. Nec5 g5 21.
Nb3 Bg7 22. b5 Ne7 23. Ra2 Ng6 24. Nf2 e5 25. d5 Bf8 26. e4 f4 27. c5 h5 28. a4
Re7 29. Rc2 Kb8 30. a5 Rf7 31. Rd3 Rf6 32. c6 Ne7 33. Nc5 bxc6 34. bxc6 Rg6 35.
Na6+ Ka8 36. Nxc7+ Kb8 37. Ne6 Rc8 1-0

[Event "Frankfurt Ch 2009"]
[Site "Ffm-Kalbach, LAZ"]
[Date "2009.05.11"]
[Round "3.30"]
[White "Barten, Stephan"]
[Black "Plattner, Rolf"]
[Result "1-0"]
[WhiteElo "1987"]
[BlackElo "1932"]
[PlyCount "61"]
[EventDate "2009.??.??"]
[WhiteTeam "Sfr. Frankfurt 1921"]
[BlackTeam "SK Langen"]

1. e4 e6 2. d4 d5 3. Nd2 c5 4. Ngf3 Nc6 5. exd5 exd5 6. Bb5 Bd6 7. O-O Bd7 8.
dxc5 Bxc5 9. Nb3 Qb6 10. Qxd5 Be7 11. Be3 Qc7 12. Rfe1 Be6 13. Bxc6+ bxc6 14.
Qe5 Qxe5 15. Nxe5 Bf6 16. Bd4 Ne7 17. Nc5 Rd8 18. Nxe6 fxe6 19. Bxa7 Rd2 20.
Rac1 O-O 21. Nd3 Bg5 22. f4 Rxf4 23. Nxf4 Bxf4 24. Be3 Bxe3+ 25. Rxe3 Nd5 26.
Rd3 Re2 27. Kf1 Re5 28. Re1 Rf5+ 29. Rf3 Kf7 30. Rxf5+ exf5 31. a4 1-0

[Event "Frankfurt Ch 2009"]
[Site "Ffm-Kalbach, LAZ"]
[Date "2009.05.11"]
[Round "3.31"]
[White "Orwatsch, Gerhard"]
[Black "Kraus, Eduard"]
[Result "1-0"]
[WhiteElo "2080"]
[BlackElo "1893"]
[PlyCount "144"]
[EventDate "2009.??.??"]
[WhiteTeam "SK 1858 Gießen"]
[BlackTeam "SV Bergwinkel"]

1. d4 Nf6 2. Bf4 g6 3. e3 Bg7 4. Nd2 O-O 5. Be2 c5 6. c3 d6 7. Ngf3 b6 8. O-O
Bb7 9. a4 a6 10. Qb3 Nbd7 11. h3 Qc7 12. Rfd1 h6 13. Bh2 Rab8 14. Bc4 Qc6 15.
Ne1 Rbc8 16. Rac1 d5 17. Be2 c4 18. Qc2 b5 19. axb5 axb5 20. Nef3 Ra8 21. Ra1
Ra6 22. Rxa6 Qxa6 23. b3 Ra8 24. bxc4 bxc4 25. Rb1 Bc6 26. Ne5 Nxe5 27. Bxe5
Nd7 28. Bxg7 Kxg7 29. e4 e6 30. exd5 exd5 31. Bf3 Nf6 32. Nf1 Bd7 33. Ne3 Be6
34. g4 Qd6 35. Nxc4 Qf4 36. Ne5 Rc8 37. Qc1 Qxc1+ 38. Rxc1 Ne8 39. Nd3 Nd6 40.
Nc5 Kf6 41. Be2 Ra8 42. Rc2 Ra3 43. Kg2 Ra1 44. f4 Rb1 45. Bd3 Rd1 46. Be2 Rb1
47. h4 Ra1 48. Nb3 Ra3 49. Nd2 Ra4 50. Kg3 Ra1 51. Bf3 Ra4 52. Rb2 Nc4 53. Nxc4
Rxc4 54. Rb3 Ke7 55. Be2 Rc7 56. Bd3 Kd6 57. Ra3 Ke7 58. Be2 Rc8 59. Bf3 Rc7
60. f5 gxf5 61. gxf5 Bxf5 62. Bxd5 Be6 63. Bf3 Bc4 64. Kf4 Kf6 65. Be4 Rc8 66.
Ra5 Bf1 67. Rf5+ Ke7 68. Ke5 Bc4 69. Rf3 Bb5 70. Bd5 Be8 71. c4 Rd8 72. Rf6 Rc8
1-0

[Event "Frankfurt Ch 2009"]
[Site "Ffm-Kalbach, LAZ"]
[Date "2009.05.11"]
[Round "3.32"]
[White "Enders, Georg"]
[Black "Ochmann, Reimund"]
[Result "0-1"]
[WhiteElo "2011"]
[BlackElo "2119"]
[PlyCount "99"]
[EventDate "2009.??.??"]
[WhiteTeam "SC Nidderau"]
[BlackTeam "SK Langen"]

1. e4 e5 2. Nf3 Nc6 3. Bb5 a6 4. Ba4 Nf6 5. O-O Be7 6. c3 d6 7. Re1 O-O 8. h3
b5 9. Bc2 Nd7 10. d4 Bf6 11. Be3 Na5 12. a4 c6 13. Na3 Rb8 14. b4 Nb7 15. axb5
axb5 16. c4 bxc4 17. Nxc4 Qe7 18. Ra7 Re8 19. Ba4 exd4 20. Nxd4 Bxd4 21. Bxd4
d5 22. Ne3 Qxb4 23. exd5 cxd5 24. Bc6 Re4 25. Ra4 Qd6 26. Bxd5 Re8 27. Bxg7 Nb6
28. Bxf7+ Kxf7 29. Rd4 Qg6 30. Rf4+ Kxg7 31. Qd4+ Kg8 32. Rf6 Qg7 33. Qxb6 Bxh3
34. g3 Nc5 35. Qd6 Rbd8 36. Qb6 Nd7 37. Qb3+ Kh8 38. Rf7 Qg6 39. Qc3+ Kg8 40.
Rf4 Ne5 41. Ra1 Qh5 42. Ng2 Rd3 43. Qc7 Nf3+ 44. Rxf3 Rxf3 45. Ra7 Rf7 46. Qc4
Be6 47. Qa4 Rxa7 48. Qxa7 Bd5 49. Qa5 Re1+ 50. Qxe1 {ZÜ} 0-1

[Event "Frankfurt Ch 2009"]
[Site "Ffm-Kalbach, LAZ"]
[Date "2009.05.11"]
[Round "3.33"]
[White "Hierling, Stefan"]
[Black "Rehn, Hans Peter"]
[Result "1/2-1/2"]
[WhiteElo "2045"]
[BlackElo "1726"]
[PlyCount "121"]
[EventDate "2009.??.??"]
[WhiteTeam "SK 1927 Dieburg"]
[BlackTeam "SK Gründau"]

1. e4 d6 2. d4 Nf6 3. Nc3 g6 4. Nf3 Bg7 5. h3 O-O 6. Bc4 a6 7. a4 c5 8. dxc5
Qa5 9. Bd2 Qxc5 10. Qe2 Nc6 11. O-O Bd7 12. Be3 Qa5 13. Rad1 Rac8 14. Bb3 Qc7
15. Rd2 Na5 16. Rfd1 Nxb3 17. cxb3 Bc6 18. Qd3 Nd7 19. Nd5 Bxd5 20. Qxd5 Qc6
21. Qd3 Ne5 22. Nxe5 Bxe5 23. f4 Bg7 24. Rf2 b5 25. axb5 Qxb5 26. Qxb5 axb5 27.
Rd5 Rb8 28. Rc2 Rfc8 29. Rxc8+ Rxc8 30. Rxb5 Bxb2 31. Rb7 Bc1 32. Bxc1 Rxc1+
33. Kh2 Kf8 34. Rb8+ Kg7 35. g4 Re1 36. Rb4 Kf6 37. g5+ Ke6 38. Rd4 f5 39. gxf6
Kxf6 40. b4 g5 41. fxg5+ Kxg5 42. Kg2 Kf4 43. e5+ Kxe5 44. Rh4 d5 45. Rxh7 Kd6
46. Rh8 Kc6 47. Rc8+ Kb5 48. Rc5+ Kxb4 49. Rxd5 Kc4 50. Rd8 e5 51. h4 Re3 52.
h5 Ra3 53. h6 Ra7 54. Rh8 Kd4 55. h7 Ke4 56. Kg3 Ke3 57. Kg4 e4 58. Kg5 Ke2 59.
Kg6 e3 60. Re8 Rxh7 61. Kxh7 1/2-1/2

[Event "Frankfurt Ch 2009"]
[Site "Ffm-Kalbach, LAZ"]
[Date "2009.05.11"]
[Round "3.34"]
[White "Ickert, Bernd"]
[Black "Schöne, Matthias"]
[Result "0-1"]
[WhiteElo "1732"]
[BlackElo "2035"]
[PlyCount "72"]
[EventDate "2009.??.??"]
[WhiteTeam "SC Matt im Park Ffm"]
[BlackTeam "SC Bad Nauheim"]

1. e4 e6 2. d4 d5 3. exd5 exd5 4. Bd3 c5 5. c3 Nc6 6. Nf3 c4 7. Be2 Nf6 8. Bg5
h6 9. Bh4 Bf5 10. Nbd2 Be7 11. O-O O-O 12. Re1 Re8 13. Ne5 Qb6 14. b3 Nxe5 15.
dxe5 Ne4 16. Nxe4 Bxh4 17. Ng3 cxb3 18. axb3 Bxg3 19. hxg3 Rxe5 20. Qd4 Rae8
21. Qxb6 axb6 22. Kf1 Be4 23. f3 Bc2 24. b4 Rxe2 25. Rxe2 Bd3 26. Rae1 Rc8 27.
Kf2 Bxe2 28. Rxe2 Kf8 29. Re3 d4 30. cxd4 Rc4 31. Rd3 Rxb4 32. Ke3 Ke7 33. g4
b5 34. Rc3 Rc4 35. Kd3 Rxc3+ 36. Kxc3 Kd6 0-1

[Event "Frankfurt Ch 2009"]
[Site "Ffm-Kalbach, LAZ"]
[Date "2009.05.11"]
[Round "3.35"]
[White "Biegel, Thomas"]
[Black "Seickel, Ralf"]
[Result "1/2-1/2"]
[WhiteElo "2017"]
[BlackElo "1722"]
[PlyCount "83"]
[EventDate "2009.??.??"]
[WhiteTeam "SC Eschborn 1974"]
[BlackTeam "vereinslos"]

1. d4 Nf6 2. c4 g6 3. g3 Bg7 4. Bg2 d5 5. cxd5 Nxd5 6. Nf3 Nb6 7. O-O Nc6 8. e3
O-O 9. Bd2 a5 10. Bc3 Nd5 11. e4 Nxc3 12. bxc3 e5 13. d5 Ne7 14. Nbd2 f5 15.
Qb3 a4 16. Qc4 b5 17. Qc5 Qd6 18. Qxd6 cxd6 19. Rfd1 fxe4 20. Nxe4 Bb7 21. Nxd6
Bxd5 22. Ng5 Bxg2 23. Kxg2 Bh6 24. Nge4 Rab8 25. Rab1 Rfd8 26. Kf3 Nc6 27. Rd5
Bf8 28. Nxb5 Rxd5 29. Nf6+ Kf7 30. Nxd5 Bc5 31. c4 Kg7 32. Ke2 Na5 33. Ndc3 a3
34. Nxa3 Rf8 35. Rb5 Rxf2+ 36. Kd1 Bxa3 37. Rxa5 Bb4 38. Ra7+ Kh6 39. Ne4 Rxh2
40. c5 Rh1+ 41. Ke2 Rc1 42. g4 1/2-1/2

[Event "Frankfurt Ch 2009"]
[Site "Ffm-Kalbach, LAZ"]
[Date "2009.05.11"]
[Round "3.36"]
[White "Tews, Artur"]
[Black "Faqiry, Ramat"]
[Result "1-0"]
[WhiteElo "1729"]
[BlackElo "1974"]
[PlyCount "89"]
[EventDate "2009.??.??"]
[WhiteTeam "Bad Vilbeler Sfr.1985"]
[BlackTeam "SK Bad Homburg 1927"]

1. c4 Nf6 2. Nc3 e6 3. e4 d5 4. e5 d4 5. exf6 dxc3 6. bxc3 Qxf6 7. d4 c5 8. Nf3
h6 9. Qb3 Bd6 10. Be2 O-O 11. O-O b6 12. Be3 Nd7 13. Rad1 e5 14. Qb5 e4 15. Nd2
Qe7 16. Qc6 Rb8 17. Qxe4 Qf6 18. Qc2 Re8 19. Bf3 Bb7 20. Bxb7 Rxb7 21. Nf3 Nf8
22. Qb3 Rbe7 23. dxc5 bxc5 24. Rd3 Rb8 25. Qa3 Qg6 26. Rxd6 Qc2 27. Rd2 Qe4 28.
Bxc5 Reb7 29. Rdd1 Ne6 30. Bd4 Rb1 31. h3 R1b2 32. Rfe1 Qg6 33. Qd6 Rd8 34. Qe5
Rxa2 35. Nh4 Qc2 36. Rf1 Ra6 37. Qf5 Qe2 38. Qb5 Rad6 39. Rde1 Qd3 40. Re3 Qh7
41. Nf5 R6d7 42. Rg3 f6 43. Bxf6 Rf7 44. Bxd8 Rxf5 45. Qe8+ 1-0

[Event "Frankfurt Ch 2009"]
[Site "Ffm-Kalbach, LAZ"]
[Date "2009.05.11"]
[Round "3.37"]
[White "Krüger, Till"]
[Black "Geipert, Wilfried"]
[Result "1-0"]
[WhiteElo "2063"]
[BlackElo "1716"]
[PlyCount "35"]
[EventDate "2009.??.??"]
[WhiteTeam "SC Nidderau"]
[BlackTeam "SC Brett vor'm Kopp Ffm"]

1. e4 c6 2. d4 d5 3. exd5 cxd5 4. Bd3 Nc6 5. c3 Nf6 6. h3 g6 7. Nf3 Bg7 8. O-O
O-O 9. Re1 Qc7 10. Bg5 Re8 11. Na3 e5 12. Nb5 Qb8 13. dxe5 Nxe5 14. Bf4 Nh5 15.
Bh2 f5 16. Nxe5 Bxe5 17. f4 a6 18. Na3 1-0

[Event "Frankfurt Ch 2009"]
[Site "Ffm-Kalbach, LAZ"]
[Date "2009.05.11"]
[Round "3.38"]
[White "Goldt, Rainer"]
[Black "Rausch, Wolfgang"]
[Result "1-0"]
[WhiteElo "1883"]
[BlackElo "1730"]
[PlyCount "57"]
[EventDate "2009.??.??"]
[WhiteTeam "Kreuznacher SV 1921 e.V."]
[BlackTeam "VSG 1880 Offenbach"]

1. e4 Nf6 2. e5 Nd5 3. c4 Nb6 4. d4 d6 5. Nf3 Bg4 6. exd6 exd6 7. Be2 Be7 8.
O-O O-O 9. Nc3 c6 10. b3 Re8 11. Be3 Bf8 12. h3 Bh5 13. Qc2 Bg6 14. Bd3 Bxd3
15. Qxd3 g6 16. Rfe1 N8d7 17. Bg5 f6 18. Bf4 d5 19. c5 Nc8 20. g4 b6 21. b4 a5
22. b5 bxc5 23. bxc6 Ndb6 24. dxc5 Bxc5 25. Nb5 Nd6 26. Rxe8+ Nxe8 27. Rc1 Bd6
28. Be3 Be7 29. c7 1-0

[Event "Frankfurt Ch 2009"]
[Site "Ffm-Kalbach, LAZ"]
[Date "2009.05.11"]
[Round "3.39"]
[White "Bittner, Peter"]
[Black "Cors, Heinz-Friedrich"]
[Result "0-1"]
[WhiteElo "1960"]
[BlackElo "1984"]
[PlyCount "124"]
[EventDate "2009.??.??"]
[WhiteTeam "SC Brett vor'm Kopp Ffm"]
[BlackTeam "Schachforum Darmstadt"]

1. d4 Nf6 2. c4 e6 3. Nf3 b6 4. Nc3 Bb7 5. e3 Bb4 6. Bd2 O-O 7. a3 Bxc3 8. Bxc3
Ne4 9. Be2 Nxc3 10. bxc3 d6 11. O-O Nd7 12. Nd2 Qe7 13. f4 e5 14. fxe5 dxe5 15.
d5 f5 16. e4 f4 17. Kh1 Rf6 18. Bg4 Nc5 19. Qc2 Rh6 20. Nf3 Ba6 21. Qe2 Re8 22.
Nd2 Qh4 23. Bh3 Bc8 24. Nf3 Qh5 25. Bxc8 Rxc8 26. a4 g5 27. h3 Re8 28. a5 g4
29. Ng1 gxh3 30. Qxh5 hxg2+ 31. Kxg2 Rxh5 32. axb6 axb6 33. Rfe1 Re7 34. Ra8+
Kf7 35. Nf3 Kf6 36. Rg8 Rh6 37. Rf8+ Kg7 38. Rf5 Rg6+ 39. Kh1 Nd3 40. Re2 Kg8
41. Rd2 Rh6+ 42. Kg1 Rg7+ 43. Rg2 Rhg6 44. Rxg6 hxg6 45. Rg5 Kh7 46. Nxe5 Kh6
47. Nf3 Ne1 48. Rg4 Nxf3+ 49. Kf2 Ne5 50. Rg1 g5 51. Rh1+ Kg6 52. Rh8 g4 53. c5
bxc5 54. Re8 g3+ 55. Kg2 Nd3 56. e5 Ne1+ 57. Kf1 g2+ 58. Kg1 f3 59. e6 Kf6 60.
Ra8 f2+ 61. Kxf2 g1=Q+ 62. Ke2 Rg2+ 0-1

[Event "Frankfurt Ch 2009"]
[Site "Ffm-Kalbach, LAZ"]
[Date "2009.05.11"]
[Round "3.41"]
[White "Haftmann, Rainer"]
[Black "Czikuß, Hans-Joachim"]
[Result "0-1"]
[WhiteElo "1876"]
[BlackElo "1972"]
[PlyCount "82"]
[EventDate "2009.??.??"]
[WhiteTeam "SG 1945 Dietzenbach"]
[BlackTeam "Sfr. Frankfurt 1921"]

1. e4 c5 2. Nf3 Nc6 3. d4 cxd4 4. Nxd4 g6 5. Nc3 Bg7 6. Be3 Nf6 7. f3 O-O 8.
Bc4 Qb6 9. Qd2 Nxe4 10. fxe4 Bxd4 11. Bxd4 Qxd4 12. Qxd4 Nxd4 13. O-O-O Nc6 14.
Rhf1 d6 15. Nd5 Be6 16. Bb3 Rac8 17. Rd2 b6 18. Ba4 Bxd5 19. exd5 Ne5 20. Kb1
Rc5 21. c3 f5 22. Rd4 Kg7 23. h3 Rfc8 24. Re1 a5 25. Bd7 R8c7 26. Be6 h5 27.
Rf1 Rc4 28. Rxc4 Rxc4 29. Kc2 Kf6 30. b3 Re4 31. Kd2 Kg5 32. a4 Kh4 33. Re1
Rxe1 34. Kxe1 Nd3+ 35. Kf1 Nc5 36. Bf7 Kg5 37. b4 Nxa4 38. bxa5 bxa5 39. h4+
Kf6 40. Be8 Nxc3 41. Bc6 a4 0-1

[Event "Frankfurt Ch 2009"]
[Site "Ffm-Kalbach, LAZ"]
[Date "2009.05.11"]
[Round "3.42"]
[White "Rasche, Hannes"]
[Black "Arnold, Michael"]
[Result "1-0"]
[WhiteElo "1993"]
[BlackElo "1857"]
[PlyCount "63"]
[EventDate "2009.??.??"]
[WhiteTeam "SC Matt im Park Ffm"]
[BlackTeam "SK Langen"]

1. d4 d5 2. Nf3 Nf6 3. c4 c6 4. Nc3 Bf5 5. Qb3 Qb6 6. Na4 Qxb3 7. axb3 Nbd7 8.
c5 e6 9. h3 Bc2 10. b4 Be7 11. Bf4 O-O 12. e3 Ne4 13. Nc3 b5 14. Nxe4 Bxe4 15.
Nd2 Bg6 16. Nb3 f6 17. Na5 Rfc8 18. Kd2 e5 19. Bg3 Kf7 20. Bd3 Bxd3 21. Kxd3
Ke6 22. Ra3 Bd8 23. Nb3 Rc7 24. Rha1 Be7 25. Bh2 Bd8 26. Kd2 Nb8 27. Nc1 Rf7
28. Nd3 Nd7 29. Rxa7 Rxa7 30. Rxa7 g5 31. Ra8 Be7 32. Rc8 1-0

[Event "Frankfurt Ch 2009"]
[Site "Ffm-Kalbach, LAZ"]
[Date "2009.05.11"]
[Round "3.43"]
[White "Kulenovic, Adnan"]
[Black "Fischer, Ulrich"]
[Result "0-1"]
[WhiteElo "1854"]
[BlackElo "1672"]
[PlyCount "86"]
[EventDate "2009.??.??"]
[WhiteTeam "SK Springer Rodenbach"]
[BlackTeam "Frankfurter TV 1860"]

1. d4 d5 2. e4 dxe4 3. Nc3 Nf6 4. f3 c6 5. Be3 exf3 6. Qxf3 Bg4 7. Qf2 e6 8.
Bd3 Bd6 9. Nf3 Nbd7 10. Nd2 Qc7 11. Nde4 Be7 12. O-O O-O 13. Rae1 Rac8 14. Bf4
Qb6 15. Nd6 Ra8 16. Nc4 Qd8 17. Qh4 Bf5 18. Bxf5 exf5 19. Qh3 Nd5 20. Qxf5 Nxf4
21. Rxf4 Nb6 22. Ne5 Bf6 23. Nf3 Qd7 24. Qxd7 Nxd7 25. Ne4 Rfe8 26. Nxf6+ Nxf6
27. Kf2 Rxe1 28. Kxe1 Re8+ 29. Kd2 Nd5 30. Rf5 Ne3 31. Rh5 Nxg2 32. Ra5 a6 33.
Ne5 Nf4 34. Ra3 f6 35. Nd7 Re2+ 36. Kd1 Rxh2 37. Nc5 h5 38. Nxb7 h4 39. Rf3 g5
40. Nc5 h3 41. Ne4 Rh1+ 42. Kd2 h2 43. Rf2 Rd1+ 0-1

[Event "Frankfurt Ch 2009"]
[Site "Ffm-Kalbach, LAZ"]
[Date "2009.05.11"]
[Round "3.44"]
[White "Matthis, Peter"]
[Black "Waschke, Thomas"]
[Result "1-0"]
[WhiteElo "1843"]
[BlackElo "1584"]
[PlyCount "93"]
[EventDate "2009.??.??"]
[WhiteTeam "SC Heusenstamm"]
[BlackTeam "SC Bergen-Enkheim 1922"]

1. e4 e5 2. Nf3 Nc6 3. Bb5 a6 4. Ba4 Nf6 5. O-O Be7 6. Re1 O-O 7. c3 d6 8. h3
b5 9. Bc2 Bb7 10. d4 Re8 11. Nbd2 Rc8 12. Qe2 Bf8 13. a4 b4 14. d5 bxc3 15.
dxc6 cxd2 16. Bxd2 Bxc6 17. Qxa6 Qd7 18. b3 Ra8 19. Qd3 Reb8 20. Rad1 Qe8 21.
Qc3 Bd7 22. Bd3 Qc8 23. Bc4 h6 24. Nh4 g5 25. Qf3 Kg7 26. Nf5+ Kg6 27. g4 Be6
28. Bxe6 Qxe6 29. Rb1 Nd7 30. h4 Be7 31. Nxe7+ Qxe7 32. Qf5+ Kg7 33. hxg5 hxg5
34. Bxg5 f6 35. Be3 Rh8 36. Kg2 Rh7 37. Rh1 Rah8 38. Rh5 Rxh5 39. gxh5 Qf7 40.
h6+ Kf8 41. Kf3 Qh7 42. Qxh7 Rxh7 43. Kg4 c5 44. Kf5 Kf7 45. Rg1 Nb8 46. Rg6
Nd7 47. a5 1-0

[Event "Frankfurt Ch 2009"]
[Site "Ffm-Kalbach, LAZ"]
[Date "2009.05.11"]
[Round "3.45"]
[White "Winter, Olaf"]
[Black "Jordake, Michael"]
[Result "1-0"]
[WhiteElo "1674"]
[BlackElo "1640"]
[PlyCount "107"]
[EventDate "2009.??.??"]
[WhiteTeam "SK 1924 Pfungstadt"]
[BlackTeam "SC Bergen-Enkheim 1922"]

1. c4 Nf6 2. Nc3 e6 3. g3 Nc6 4. Bg2 Bc5 5. e3 O-O 6. a3 e5 7. b4 Be7 8. Bb2
Re8 9. Nge2 Bf8 10. O-O d6 11. Qc2 Be6 12. d3 Qc8 13. Nd5 Ng4 14. h3 Nh6 15.
Kh2 Ne7 16. b5 Nxd5 17. cxd5 Bf5 18. Rac1 Qd7 19. a4 Rac8 20. e4 Bg6 21. g4 f6
22. f4 Re7 23. f5 Be8 24. d4 Nf7 25. h4 c6 26. Rf3 exd4 27. Bxd4 c5 28. Nf4 a6
29. b6 Qxa4 30. Qxa4 Bxa4 31. Ne6 Nd8 32. g5 Nxe6 33. dxe6 fxg5 34. hxg5 Bc6
35. Bxg7 Rxg7 36. Rg3 h6 37. f6 Rxg5 38. Rd1 Rxg3 39. Kxg3 h5 40. e7 Bh6 41.
Rxd6 Re8 42. Bf3 h4+ 43. Kxh4 Bf4 44. Rd8 Be5 45. Kg5 Kf7 46. Bh5+ Ke6 47. Bxe8
Bxf6+ 48. Kf4 Bxe7 49. Rc8 Kd6 50. e5+ Ke6 51. Bxc6 c4 52. Bxb7 c3 53. Rxc3 Bd8
54. Bxa6 1-0

[Event "Frankfurt Ch 2009"]
[Site "Ffm-Kalbach, LAZ"]
[Date "2009.05.11"]
[Round "3.46"]
[White "Gutacker, Stephan"]
[Black "Steiz, Johann"]
[Result "1-0"]
[WhiteElo "1967"]
[BlackElo "1497"]
[PlyCount "85"]
[EventDate "2009.??.??"]
[WhiteTeam "Sfr.1932 Kelkheim"]
[BlackTeam "ESV Grossenbaum e.V. 1973"]

1. e4 d6 2. d4 Nf6 3. Nc3 g6 4. Bg5 Nbd7 5. Nf3 Bg7 6. Bc4 c5 7. dxc5 dxc5 8.
e5 Ng4 9. e6 fxe6 10. Bxe6 Qb6 11. Bxg4 Qxb2 12. Nd5 Qxa1 13. Qxa1 Bxa1 14.
Nc7+ Kf7 15. Nxa8 Bc3+ 16. Kd1 Nf6 17. Bxc8 Rxc8 18. Be3 Ng4 19. Ke2 Nxe3 20.
fxe3 Rxa8 21. Ng5+ Kg8 22. Rd1 b6 23. Rd7 Bf6 24. Ne6 Kf7 25. Nc7 Rb8 26. Nd5
Ra8 27. Nf4 Ke8 28. Rb7 Be5 29. Nd5 Bd6 30. Nc7+ Bxc7 31. Rxc7 Kf7 32. c4 Ke6
33. a4 h6 34. g4 Kf6 35. Kf3 e6 36. h4 g5 37. h5 Rf8 38. Ke4 Rf7 39. Rc8 Rd7
40. Rg8 Rb7 41. Rg6+ Kf7 42. Rxh6 a6 43. Rh7+ 1-0

[Event "Frankfurt Ch 2009"]
[Site "Ffm-Kalbach, LAZ"]
[Date "2009.05.11"]
[Round "3.47"]
[White "Krischak, Werner"]
[Black "Ostermeier, Thorsten"]
[Result "1-0"]
[WhiteElo "1627"]
[BlackElo "1971"]
[PlyCount "57"]
[EventDate "2009.??.??"]
[WhiteTeam "SK Marburg 1931/72"]
[BlackTeam "Sfr. Frankfurt 1921"]

1. d4 d5 2. c4 e6 3. Nc3 Nf6 4. cxd5 exd5 5. Bg5 Be7 6. e3 O-O 7. Qc2 c6 8. Bd3
h6 9. Bxf6 Bxf6 10. b4 Qe7 11. Nge2 Qxb4 12. O-O Nd7 13. Rab1 Qa5 14. a4 Be7
15. f3 Nf6 16. e4 dxe4 17. fxe4 Ng4 18. Rf3 Qc7 19. e5 Nxe5 20. dxe5 Qxe5 21.
Bh7+ Kh8 22. Bf5 b6 23. Bxc8 Raxc8 24. Rf5 Qe3+ 25. Kh1 Bf6 26. Ne4 Rfe8 27.
N2g3 Be5 28. Rf3 Qd4 29. Rd3 1-0

[Event "Frankfurt Ch 2009"]
[Site "Ffm-Kalbach, LAZ"]
[Date "2009.05.11"]
[Round "3.48"]
[White "Ganjian, Mehrdad"]
[Black "Mager, Denis"]
[Result "1-0"]
[WhiteElo "1834"]
[BlackElo "1467"]
[PlyCount "61"]
[EventDate "2009.??.??"]
[WhiteTeam "Sfr. Frankfurt 1921"]
[BlackTeam "TuS Makkabi Ffm"]

1. Nf3 Nf6 2. c4 c5 3. Nc3 Nc6 4. g3 e6 5. Bg2 Be7 6. O-O O-O 7. a3 d6 8. Rb1
Bd7 9. b4 Qc8 10. d3 Nd8 11. b5 Qc7 12. e4 b6 13. Ng5 Nb7 14. f4 h6 15. Nh3 a6
16. a4 Ne8 17. g4 Kh7 18. g5 a5 19. Qh5 Qc8 20. e5 d5 21. cxd5 exd5 22. Nxd5
Bd8 23. f5 Bxf5 24. Rxf5 Qd7 25. Be4 Kg8 26. Qf3 Rb8 27. Rb2 g6 28. gxh6 Nc7
29. Rg2 Kh8 30. Nxc7 Qd4+ 31. Kh1 {ZÜ} 1-0

[Event "Frankfurt Ch 2009"]
[Site "Ffm-Kalbach, LAZ"]
[Date "2009.05.11"]
[Round "3.50"]
[White "Riha, Peter"]
[Black "Schreyer, Alois"]
[Result "1/2-1/2"]
[WhiteElo "1815"]
[BlackElo "2113"]
[PlyCount "72"]
[EventDate "2009.??.??"]
[WhiteTeam "SC Bergen-Enkheim 1922"]
[BlackTeam "SC Steinbach"]

1. d4 Nf6 2. c4 g6 3. Nc3 d5 4. cxd5 Nxd5 5. e4 Nxc3 6. bxc3 Bg7 7. Nf3 c5 8.
Rb1 O-O 9. Be2 cxd4 10. cxd4 Nc6 11. d5 Na5 12. Bd2 b6 13. Bxa5 bxa5 14. O-O
Qd6 15. Nd4 Bd7 16. Nb5 Qe5 17. d6 exd6 18. Qxd6 a6 19. Qxd7 Rad8 20. Qc7 axb5
21. Qxe5 Bxe5 22. Rxb5 Bc3 23. Rc1 Bb4 24. Rd5 Rfe8 25. Rxd8 Rxd8 26. Rc2 Rd2
27. Rxd2 Bxd2 28. Bc4 Kf8 29. g3 g5 30. Kg2 Kg7 31. Kf3 h5 32. h4 gxh4 33. gxh4
Kf6 34. Kg3 Be1 35. Kg2 Bd2 36. f3 Bf4 1/2-1/2

[Event "Frankfurt Ch 2009"]
[Site "Ffm-Kalbach, LAZ"]
[Date "2009.05.11"]
[Round "3.51"]
[White "Abrahamyan, Arsen"]
[Black "Fröhlich-Dill, Astrid"]
[Result "1/2-1/2"]
[WhiteElo "1415"]
[BlackElo "1976"]
[PlyCount "95"]
[EventDate "2009.??.??"]
[WhiteTeam "Frankfurter TV 1860"]
[BlackTeam "SV 1920 Hofheim"]

1. e4 c5 2. Nf3 Nc6 3. d4 cxd4 4. Nxd4 e6 5. c4 a6 6. Nc3 Bb4 7. Be2 Nf6 8. Bg5
h6 9. Nxc6 Bxc3+ 10. bxc3 bxc6 11. Bxf6 Qxf6 12. Qd4 c5 13. Qxf6 gxf6 14. Rb1
Ke7 15. Bf3 e5 16. O-O Ra7 17. Rb6 Bb7 18. Rfb1 Bc6 19. R1b3 Rg8 20. Kf1 a5 21.
Rb8 Ra8 22. Rxa8 Rxa8 23. Ke2 Kd6 24. Kd2 Kc7 25. Ke3 a4 26. Rb1 d6 27. a3 Bd7
28. Bh5 Be6 29. Kd3 Rg8 30. g3 f5 31. Bf3 fxe4+ 32. Bxe4 f5 33. Bd5 Bxd5 34.
cxd5 h5 35. Rb5 h4 36. Ra5 hxg3 37. hxg3 Rg4 38. c4 Rd4+ 39. Kc3 e4 40. Rxa4
Rd3+ 41. Kc2 Rf3 42. Ra7+ Kd8 43. Rf7 Ke8 44. Rf6 Ke7 45. Re6+ Kd7 46. Rf6
Rxf2+ 47. Kd1 Rf3 48. Ke2 1/2-1/2

[Event "Frankfurt Ch 2009"]
[Site "Ffm-Kalbach, LAZ"]
[Date "2009.05.11"]
[Round "3.52"]
[White "Genis, Roy"]
[Black "Hohls, Henning"]
[Result "1-0"]
[WhiteElo "1937"]
[BlackElo "1113"]
[PlyCount "95"]
[EventDate "2009.??.??"]
[WhiteTeam "SG 1945 Dietzenbach"]
[BlackTeam "SC 1934 Gelnhausen"]

1. e4 c5 2. c3 g6 3. d4 cxd4 4. cxd4 d6 5. Nf3 Bg7 6. Nc3 Nf6 7. Be2 O-O 8. O-O
Nc6 9. d5 Ne5 10. Nxe5 dxe5 11. Be3 e6 12. Bc5 Re8 13. d6 Qa5 14. b4 Qd8 15.
Nb5 b6 16. Nc7 Bb7 17. Nxa8 Bxa8 18. Be3 Nxe4 19. Qb3 Qxd6 20. Rfd1 Qe7 21. Bb5
Rc8 22. Rd7 Qh4 23. Rad1 Nxf2 24. Bxf2 Qg4 25. Bf1 Bd5 26. Qd3 Qxb4 27. Rxa7
Qb2 28. Qb1 Qxb1 29. Rxb1 Be4 30. Rd1 Bd5 31. Bxb6 Rb8 32. Bf2 Rb2 33. a4 Bb3
34. Rd8+ Bf8 35. Bc5 Rb1 36. Kf2 Rb2+ 37. Ke3 Bd5 38. Rxf8+ Kg7 39. Raxf7+ Kh6
40. Kd3 Rb3+ 41. Kc2 Rb7 42. Be3+ g5 43. Rxb7 Bxb7 44. Rg8 Be4+ 45. Kc3 Bg6 46.
h4 Kh5 47. Bxg5 e4 48. Be2# 1-0

[Event "Frankfurt Ch 2009"]
[Site "Ffm-Kalbach, LAZ"]
[Date "2009.05.11"]
[Round "3.53"]
[White "Boxberger, Alexander"]
[Black "Frank, Andreas"]
[Result "0-1"]
[WhiteElo "1392"]
[BlackElo "1824"]
[PlyCount "58"]
[EventDate "2009.??.??"]
[WhiteTeam "SK 1858 Gießen"]
[BlackTeam "Biebertaler Sfr."]

1. e4 e5 2. Nf3 Nc6 3. Nc3 Bc5 4. Bc4 d6 5. h3 Be6 6. Bd5 Qd7 7. d3 Nge7 8.
Bxe6 fxe6 9. Na4 Bb6 10. Nxb6 axb6 11. Be3 O-O 12. O-O Ng6 13. Nd2 Rf7 14. c3
Nf4 15. Nb3 Raf8 16. Bxf4 exf4 17. f3 Rf6 18. d4 e5 19. d5 Ne7 20. Qd2 Rg6 21.
Kf2 Rg3 22. Rg1 Ng6 23. Ke1 Nh4 24. Qf2 Rf6 25. Kf1 Rfg6 26. Rd1 Qb5+ 27. Qe2
Rxf3+ 28. gxf3 Rxg1+ 29. Kxg1 Qxe2 0-1